|
|
|
|
| LEADER |
00000nab a2200000 a 4500 |
| 001 |
vtls000378752 |
| 003 |
SK-MaSNL |
| 005 |
20260302223848.0 |
| 008 |
160201c1989 xo 0 cze |
| 015 |
|
|
|a SNBRA19rr/mm-uuuuu
|
| 035 |
|
|
|a CL0378874
|
| 040 |
|
|
|a SNKBUCL
|b slo
|c SNKBUCL
|e AACR2
|
| 041 |
0 |
|
|a cze
|
| 044 |
|
|
|a xo
|c SK
|
| 080 |
|
|
|a 681.532.1.001.4:621.9.06:681.322
|2 1981
|
| 080 |
|
|
|a 621.9.06
|2 1981
|
| 080 |
|
|
|a 681.322
|2 1981
|
| 080 |
|
|
|a 621.9.06-52
|2 1981
|
| 100 |
1 |
|
|a Kolman, Zdeněk
|4 aut
|9 954184
|
| 245 |
1 |
0 |
|a Přípravek pro oživování, seřizování a testování polohových servomechanizmů
|c Zdeněk Kolman
|
| 300 |
|
|
|b Obr. 2. Sch. 1.
|
| 650 |
0 |
7 |
|a servomechanizmy polohové
|2 snkbucl
|9 954185
|
| 650 |
0 |
7 |
|a stroje obrábacie NC
|2 snkbucl
|9 923416
|
| 655 |
|
7 |
|a články zo zborníkov
|2 snkbucl
|9 166140
|
| 773 |
0 |
|
|t Technická diagnostika číslicovo riadených obrábacích strojov
|d Žilina : Dom techniky ČSVTS, 1989
|g S. 161-171
|
| 850 |
|
|
|a Slovenská národná knižnica v Martine
|a MTA001
|
| 852 |
|
|
|a SNK
|b KIS3GCP
|
| 958 |
|
|
|a RK
|
| 958 |
|
|
|a CZ
|
| 992 |
|
|
|a RZB
|
| 999 |
|
|
|c 1522015
|d 1523945
|